| Tag |
First Indicator |
Second Indicator |
Subfields |
| LEADER |
00000cam a2200000 4500 |
| 001 |
in00001877521 |
| 006 |
m | d | |
| 007 |
cr |n||||||||n |
| 008 |
790322m17421743enk|||| s 00||||eng d |
| 005 |
20260406210034.1 |
| 035 |
|
|
|a (CStRLIN)ESTCT25516
|
| 040 |
|
|
|a Uk-ES
|c Uk-ES
|d CStRLIN
|d Thomson Gale
|d UtOrBLW
|
| 100 |
1 |
|
|a Guthrie, James,
|d active 1727-1746.
|
| 245 |
1 |
4 |
|a The ordinary of Newgate :
|b his account of the behaviour, confession, and dying words of the malefactors who were executed at Tyburn, ... in the mayoralty of the Right Honble. Robert Willimot, Esquire. Lord-Mayor ...
|
| 264 |
|
3 |
|a London :
|b printed and sold by John Applebee,
|c 1742-43.
|
| 300 |
|
|
|a 20;40;19, 1 unnumbered page;20;20p. ;
|c 4⁰.
|
| 336 |
|
|
|a text
|b txt
|2 rdacontent
|
| 337 |
|
|
|a computer
|b c
|2 rdamedia
|
| 338 |
|
|
|a online resource
|b cr
|2 rdacarrier
|
| 500 |
|
|
|a The accounts signed by James Guthrie.
|
| 500 |
|
|
|a Five numbers, of which number 2 is in two parts. Each part has a separate titlepage.
|
| 500 |
|
|
|a Number 3 is wrongly imposed, and page 18 is misnumbered 37.
|
| 500 |
|
|
|a Reproduction of original from the British Library.
|
| 510 |
4 |
|
|a English Short Title Catalog,
|c ESTCT25516.
|
| 533 |
|
|
|a Electronic reproduction.
|b Farmington Hills, Mich. :
|c Thomson Gale,
|d 2003.
|n Available via the World Wide Web.
|n Access limited by licensing agreements
|7 s2003 miunns
|
| 500 |
|
|
|a Electronic resource.
|
| 830 |
|
0 |
|a Eighteenth century collections online.
|
| 856 |
4 |
0 |
|u http://proxy.library.tamu.edu/login?url=https://galenet.galegroup.com/servlet/ECCO?c=1&stp=Author&ste=11&af=BN&ae=T025516&tiPG=1&dd=0&dc=flc&docNum=CW105577343&vrsn=1.0&srchtp=a&d4=0.33&n=10&SU=0LRL+OR+0LRI&locID=txshracd2898
|z Full text online
|t 0
|
| 999 |
|
|
|a MARS
|
| 999 |
f |
f |
|s 59b89fc5-d0a9-3494-b18f-93d0d7fe6140
|i faf9e13c-7af4-3d76-9980-d679fc11b2a1
|t 0
|
| 952 |
f |
f |
|a Texas A&M University
|b College Station
|c Electronic Resources
|s www_evans
|d Available Online
|t 0
|h No information provided
|
| 998 |
f |
f |
|t 0
|l Available Online
|